000 00480nam a2200169Ia 4500
003 GCL
008 140319s9999 xx 000 0 ara d
040 _aGCL /
_cGCL
082 0 4 _a809.1
_bع ا
245 1 0 _aالادب وفنونه: دراسة ونقد
490 _a
650 0 4 _aالادب
650 0 4 _aالادب - تاريخ ونقد
650 0 4 _aالادب - مقالات ومحاضرات
650 0 4 _aالادب العربى - تاريخ ونقد
942 _2ddc
_cBK
999 _c38792
_d38792